[Event "Barceloneta op"]
[Site "Barcelona"]
[Date "2001.10.06"]
[Round "2"]
[White "Vargas Drechsler, Carlos"]
[Black "Besancon, Bertrand"]
[Result "1-0"]
[WhiteElo "2158"]
[BlackElo "1970"]
[PlyCount "71"]
[EventDate "2001.09.29"]
[EventType "swiss"]
[EventRounds "9"]
[EventCountry "ESP"]
[SourceTitle "CBM 085 Extra"]
[Source "ChessBase"]
[SourceDate "2002.01.21"]
[SourceVersion "1"]
[SourceVersionDate "2002.01.21"]
[SourceQuality "1"]

1. e4 c5 2. Nc3 e6 3. f4 a6 4. a4 Nc6 5. Nf3 d5 6. d3 b6 7. Be2 Bb7 8. 0-0 Be7 9. Qe1 Qd7 10. f5 d4 11. fxe6 fxe6 12. Nb1 Nf6 13. Bd2 Bd6 14. Na3 Bc7 15. Nc4 0-0 16. Qh4 h6 17. c3 e5 18. h3 Rae8 19. Nh2 Bc8 20. Bxh6 Ne7 21. Ng4 Ng6 22. Qg5 Nf4 23. Nxf6+ Rxf6 24. Bg4 Qf7 25. Rxf4 Rxf4 26. Bh5 Qf8 27. Bxe8 Bd8 28. Qxd8 Bxh3 29. gxh3 gxh6 30. Qd5+ Kh7 31. Bg6+ Kxg6 32. Nxe5+ Kh7 33. Qd7+ Kg8 34. Ng6 Qf6 35. Nxf4 Qxf4 36. Qg4+ 1-0